Профессору В. К. Погребному - 65 лет; Известия Томского политехнического университета [Известия ТПУ]; Т. 310, № 1
| Источник: | Известия Томского политехнического университета [Известия ТПУ]/ Томский политехнический университет (ТПУ).— , 2000- Т. 310, № 1.— 2007.— [С. 295-297] |
|---|---|
| Примечания: | Заглавие с титульного листа Электронная версия печатной публикации 24 января 2007 г. исполнилось 65 лет Владимиру Кирилловичу Погребному, доктору технических наук, профессору, Заслуженному работнику высшей школы РФ, действительному члену Международной Академии информатизации. |
| Язык: | русский |
| Опубликовано: |
2007
|
| Серии: | Наши юбиляры |
| Предметы: | |
| Online-ссылка: | http://www.lib.tpu.ru/fulltext/v/Bulletin_TPU/2007/v310/i1/63.pdf |
| Формат: | MixedMaterials Электронный ресурс Статья |
| Запись в KOHA: | https://koha.lib.tpu.ru/cgi-bin/koha/opac-detail.pl?biblionumber=172025 |
MARC
| LEADER | 00000nla2a2200000 4500 | ||
|---|---|---|---|
| 001 | 172025 | ||
| 005 | 20231031164155.0 | ||
| 035 | |a (RuTPU)RU\TPU\book\186503 | ||
| 035 | |a RU\TPU\book\186501 | ||
| 090 | |a 172025 | ||
| 100 | |a 20091210d2007 k y0rusy50 ca | ||
| 101 | 0 | |a rus | |
| 102 | |a RU | ||
| 135 | |a drnn ---uucaa | ||
| 181 | 0 | |a i | |
| 182 | 0 | |a b | |
| 200 | 1 | |a Профессору В. К. Погребному - 65 лет |b Электронный ресурс | |
| 203 | |a Текст |c электронный | ||
| 215 | |a 1 файл (282 Кб) | ||
| 225 | 1 | |a Наши юбиляры | |
| 230 | |a Электронные текстовые данные (1 файл : 282 Кб) | ||
| 300 | |a Заглавие с титульного листа | ||
| 300 | |a Электронная версия печатной публикации | ||
| 330 | |a 24 января 2007 г. исполнилось 65 лет Владимиру Кирилловичу Погребному, доктору технических наук, профессору, Заслуженному работнику высшей школы РФ, действительному члену Международной Академии информатизации. | ||
| 337 | |a Adobe Reader | ||
| 461 | 1 | |0 (RuTPU)RU\TPU\book\176237 |t Известия Томского политехнического университета [Известия ТПУ] |f Томский политехнический университет (ТПУ) |d 2000- | |
| 463 | 1 | |0 (RuTPU)RU\TPU\book\186414 |x 1684-8519 |t Т. 310, № 1 |v [С. 295-297] |d 2007 |p 309 с. | |
| 600 | 1 | |a Погребной |b В. К. |c российский ученый |c профессор кафедры информатики и проектирования систем Томского политехнического университета |f 1942- |g Владимир Кириллович |y Томск |2 stltpush |3 (RuTPU)RU\TPU\pers\19853 | |
| 610 | 1 | |a труды учёных ТПУ | |
| 610 | 1 | |a электронный ресурс | |
| 801 | 1 | |a RU |b 63413507 |c 20090623 |g PSBO | |
| 801 | 2 | |a RU |b 63413507 |c 20211115 |g PSBO | |
| 856 | 4 | |u http://www.lib.tpu.ru/fulltext/v/Bulletin_TPU/2007/v310/i1/63.pdf | |
| 942 | |c CF | ||